السكر : (رقم التسجيلة. 15464)

تفاصيل مارك
000 -LEADER
fixed length control field 00549nam a22001697a 4500
005 - DATE AND TIME OF LATEST TRANSACTION
control field 20251108164831.0
008 - FIXED-LENGTH DATA ELEMENTS--GENERAL INFORMATION
fixed length control field 250721s1993 xx 000 0 ara d
082 14 - DEWEY DECIMAL CLASSIFICATION NUMBER
Classification number 616.462/محم
100 1# - MAIN ENTRY--PERSONAL NAME
Personal name إبراهيم، محمد صلاح الدين
245 10 - TITLE STATEMENT
Title السكر :
Remainder of title أسبابه - مضاعفاته - و علاجه /
264 1# - PRODUCTION, PUBLICATION, DISTRIBUTION, MANUFACTURE, AND COPYRIGHT NOTICE
Place of production, publication, distribution, manufacture القاهره :
Name of producer, publisher, distributor, manufacturer مركز الأهرام للترجمة و النشر،
Date of production, publication, distribution, manufacture, or copyright notice 1993.
300 ## - PHYSICAL DESCRIPTION
Extent 163ص
490 0# - SERIES STATEMENT
Series statement إعرف صحتك ؛ 8
650 17 - SUBJECT ADDED ENTRY--TOPICAL TERM
Topical term or geographic name as entry element مرض السكر
942 ## - ADDED ENTRY ELEMENTS (KOHA)
Source of classification or shelving scheme Dewey Decimal Classification
Koha item type كتب
المقتنيات
حالة السحب حالة الفقدان مصدر التصنيف حالة التلف غير قابل للإعارة المكتبة الرئيسية المكتبة الحالية موقع الرف تاريخ التزويد الرقم المتسلسل Total Checkouts رقم الإستدعاء تاريخ آخر ظهور تاريخ الفاتورة نوع المادة (كوها) الباركود
    Dewey Decimal Classification Unchecked   المكتبة المركزية المكتبة المركزية الإعارة 06/07/2004 207191   616.462/محم 28/07/2025 06/07/2004 كتب  
    Dewey Decimal Classification     المكتبة المركزية المكتبة المركزية الإعارة 06/07/2004 182537   616.462/محم 28/07/2025 06/07/2004 كتب 182537
    Dewey Decimal Classification     المكتبة المركزية المكتبة المركزية الإعارة 06/07/2004 225499   616.462/محم 28/07/2025 06/07/2004 كتب 225499
Implemented & Customized by: BBB with SCIT (Smart Chains for Information Technology)

Powered by Koha